| 000 | 01316nam0a22003131 4500 | ||
|---|---|---|---|
| 001 | v19\rc\1805184 | ||
| 005 | 20260406110457.0 | ||
| 035 | _a(NLR Aleph) 004938071 | ||
| 090 |
_a5751125 _c5751125 |
||
| 100 | _a20071224d1906 u y0rusy50 ca | ||
| 101 | 0 | _arus | |
| 102 | _aRU | ||
| 105 | _ay z |||c| | ||
| 200 | 1 |
_aПесни вина и "монополии" _e(Очерки, сцены, песни, куплеты) _fСоч. и собр. для забавы и назидания Иван Всегдапьющенский [псевд.] |
|
| 210 |
_aМосква _cИ.А. Морозов _d1906 |
||
| 215 |
_a24 с. _d18 |
||
| 300 | _aАвт. установлен по изд.: Масанов И.Ф. Словарь псевдонимов... М., 1956. Т. 1. С. 255 | ||
| 300 | _aЗагл. обл.: Песни монополии | ||
| 512 | 0 | _aПесни монополии | |
| 532 | 1 | 3 | _aПесни вина и монополии |
| 700 | 1 |
_7ca _8rus _aКондратьев _bИ. К. _f1849-1904 _gИван Кузьмич _992595 _3RU\NLR\auth\77109670 |
|
| 790 | 0 |
_aИван Всегдапьющенский _f1849-1904 |
|
| 801 | 0 |
_aRU _bNLR _gpsbo |
|
| 801 | 0 |
_aRU _bRuMoRGB _2psbo |
|
| 801 | 1 |
_aRU _bProSoft-M _2rusmarc |
|
| 852 |
_aNLR _j34.52.7.467 |
||
| 899 |
_aRuMoRGB _jW 302/880 |
||
| 942 | _cBOOK | ||
| 980 | _aNB | ||